| 000 | 00826nam a22002417a 4500 | ||
|---|---|---|---|
| 999 |
_c6864 _d6864 |
||
| 003 | AR-CdUCM | ||
| 008 | 190319b ||||| |||| 00| 0 spa d | ||
| 040 |
_aMUNICIPALIDAD PROVINCIAL DEL CUSCO _cBIBLIOTECA MUNICIPAL DEL CUSCO |
||
| 082 |
_a530.07 / _bG22 |
||
| 100 |
_aGarcia Roca, Sayri Tupac _919340 |
||
| 245 | _aFundamentos de Física general y moderna / | ||
| 260 |
_aLima : _bSayri Tupac Garcia Roca, _c2010. |
||
| 300 |
_a2 tomos ; _bCuadros, dibujos, graficos, _c21cm. |
||
| 505 | _aContenido: t.2 termodinamica -- electricidad -- magnetismo -- ondas y sonido -- optica... | ||
| 650 |
_aFísica _92382 |
||
| 650 |
_aTermodinamica _919143 |
||
| 650 |
_aElectricidad _915840 |
||
| 650 |
_aMagnetismo _919341 |
||
| 650 |
_aOndas y sonido _919342 |
||
| 650 |
_aOptica _919343 |
||
| 942 |
_2ddc _cLIBROS |
||
| 945 | _apjha | ||